000
00285nam a22001337a 4500
008
170216b xxu||||| |||| 00| 0 eng d
020
_a
1574392565
041
_a
eng
080
_a
615
100
_a
5
101
_a
SHF
245
_a
DRUG FACTS COMPARISONS
_c
BORGSDORF
942
_2
udc
_c
BK
999
_c
5723
_d
5723